000 00284nam a2200109Ia 4500
008 190914s9999||||xx |||||||||||||| ||und||
100 _aACFE Association
245 0 _aHow to Prevent Small Business Fraud
260 _aNew Delhi
_bACFE Association
_c1993
300 _a750
942 _cBK
999 _c9018
_d9018